Catálogo público

Report of the FAO/CECAF Working Group on the Assessment of Demersal Resources, Subgroup North, Banjul, the Gambia, 6-14 November 2007 = Rapport du Groupe de travail FAO/COPACE sur l'evaluation des ressources démersales, Sous-groupe Nord, Banjul, Gambie, 6-14 novembre 2007. (Record no. 104711)

MARC details
000 -CABECERA
campo de control de longitud fija 01324nam a2200361 a 4500
001 - NÚMERO DE CONTROL
campo de control 000108249
003 - IDENTIFICADOR DEL NÚMERO DE CONTROL
campo de control CHAP
005 - FECHA Y HORA DE LA ÚLTIMA TRANSACCIÓN
campo de control 20220329144005.0
008 - DATOS DE LONGITUD FIJA--INFORMACIÓN GENERAL
campo de control de longitud fija 140120s2012 it j |r| 1||| |eng d
010 ## - NÚMERO DE CONTROL DE LA BIBLIOTECA DEL CONGRESO
Número de control de LC 104711
011 ## - ENLACE DEL NUMERO DE CONTROL DE LA BIBLIOTECA DEL CONGRESO [OBSOLETO]
Número de control de LC 105683
040 ## - FUENTE DE LA CATALOGACIÓN
Centro/agencia transcriptor CHAP
082 ## - NÚMERO DE LA CLASIFICACIÓN DECIMAL DEWEY
Número de clasificación 639.2
Número de documento/Ítem F214b v.10/71
245 10 - MENCIÓN DE TÍTULO
Título Report of the FAO/CECAF Working Group on the Assessment of Demersal Resources, Subgroup North, Banjul, the Gambia, 6-14 November 2007 = Rapport du Groupe de travail FAO/COPACE sur l'evaluation des ressources démersales, Sous-groupe Nord, Banjul, Gambie, 6-14 novembre 2007.
260 ## - PUBLICACIÓN, DISTRIBUCIÓN, ETC.
Lugar de publicación, distribución, etc. Roma :
Nombre del editor, distribuidor, etc. FAO,
Fecha de publicación, distribución, etc. 2012.
300 ## - DESCRIPCIÓN FÍSICA
Extensión 302 p :
Otras características físicas Tabs.,.
490 1# - MENCIÓN DE SERIE
Mención de serie FAO. CECAF/ECAF
Designación de volumen o secuencia ; 10/71
500 ## - NOTA GENERAL
Nota general Bilingue : (Ingles, francés)
590 ## - NOTA LOCAL (RLIN)
Nota local E5995AHE
Procedencia (VM) [OBSOLETO] 05
Condición del los carretes individuales (VM) [OBSOLETO] 20140120
-- UCH01
-- 1052
590 ## - NOTA LOCAL (RLIN)
Nota local E5995AHE
Procedencia (VM) [OBSOLETO] 05
Condición del los carretes individuales (VM) [OBSOLETO] 20140121
-- UCH01
-- 1052
590 ## - NOTA LOCAL (RLIN)
Nota local E5995AHE
Procedencia (VM) [OBSOLETO] 05
Condición del los carretes individuales (VM) [OBSOLETO] 20140122
-- UCH01
-- 1450
590 ## - NOTA LOCAL (RLIN)
Nota local E5995AHE
Procedencia (VM) [OBSOLETO] 05
Condición del los carretes individuales (VM) [OBSOLETO] 20140122
-- UCH01
-- 1500
650 14 - PUNTO DE ACCESO ADICIONAL DE MATERIA--TÉRMINO DE MATERIA
Término de materia o nombre geográfico como elemento de entrada Administración pesquera
9 (RLIN) 933
650 14 - PUNTO DE ACCESO ADICIONAL DE MATERIA--TÉRMINO DE MATERIA
Término de materia o nombre geográfico como elemento de entrada Pesca
Subdivisión general Africa.
9 (RLIN) 87354
650 14 - PUNTO DE ACCESO ADICIONAL DE MATERIA--TÉRMINO DE MATERIA
Término de materia o nombre geográfico como elemento de entrada Pesca
Subdivisión general Estadísticas.
9 (RLIN) 87379
650 14 - PUNTO DE ACCESO ADICIONAL DE MATERIA--TÉRMINO DE MATERIA
Término de materia o nombre geográfico como elemento de entrada Pesca
Subdivisión geográfica África Occidental.
9 (RLIN) 87424
650 14 - PUNTO DE ACCESO ADICIONAL DE MATERIA--TÉRMINO DE MATERIA
Término de materia o nombre geográfico como elemento de entrada Pescado
Subdivisión general Mercadeo.
9 (RLIN) 87450
650 14 - PUNTO DE ACCESO ADICIONAL DE MATERIA--TÉRMINO DE MATERIA
Término de materia o nombre geográfico como elemento de entrada Recursos marinos
Subdivisión general Administración.
9 (RLIN) 95143
830 #0 - PUNTO DE ACCESO ADICIONAL DE SERIE-TÍTULO UNIFORME
Título uniforme FAO. CECAF/ECAF
Designación de volumen o secuencia ; 10/71
9 (RLIN) 125217
901 ## - ELEMENTOS DE DATOS A LOCAL LDA (RLIN)
a BK
942 ## - ELEMENTOS DE PUNTO DE ACCESO ADICIONAL (KOHA)
Tipo de ítem Koha Libro
942 ## - ELEMENTOS DE PUNTO DE ACCESO ADICIONAL (KOHA)
Suprimir en OPAC 0
Holdings
Estado de retiro Estado de pérdida Fuente del sistema de clasificación o colocación Estado dañado Restricciones de uso No para préstamo Código de colección Localización permanente Ubicación/localización actual Ubicación en estantería Fecha de adquisición Información codificada de la localización en otra ubicación Total de préstamos Signatura topográfica completa Código de barras Fecha visto por última vez Precio válido a partir de Tipo de ítem Koha
    Dewey Decimal Classification   Préstamo interno   Publicaciones FAO Biblioteca Central Biblioteca Central Planta Principal - Área de préstamo - FAO 22/01/2014 LIBRO   639.2 F214b v.10/71 33724002352876 31/12/2019 22/01/2014 Libro